[Event "POL-chT Ekstraliga"]
[Site "Chotowa"]
[Date "2025.06.06"]
[Round "5.6"]
[White "Antolak, Julia"]
[Black "Siekanska, Maria"]
[Result "1/2-1/2"]
[WhiteElo "2279"]
[BlackElo "2137"]
[PlyCount "69"]
[EventDate "2025.06.02"]
[EventType "team-tourn"]
[EventRounds "9"]
[EventCountry "POL"]
[SourceTitle "CB24_2025"]
[SourceDate "2025.06.11"]
[SourceVersion "1"]
[SourceVersionDate "2025.06.11"]
[SourceQuality "1"]
[WhiteTeam "Gliwice Akademia Szachowa"]
[BlackTeam "Gorzow Wielkopolski Stilon"]
[WhiteTeamCountry "POL"]
[BlackTeamCountry "POL"]

1. e4 c5 2. Nf3 d6 3. d4 cxd4 4. Nxd4 Nf6 5. Nc3 Nc6 6. g3 e6 7. Bg2 Bd7 8. Nde2 Be7 9. 0-0 0-0 10. h3 a6 11. g4 b5 12. a3 Rb8 13. Ng3 Bc8 14. b3 a5 15. Bb2 b4 16. axb4 axb4 17. Nce2 Bb7 18. Nf4 Qb6 19. g5 Nd7 20. Nfh5 g6 21. Nf6+ Bxf6 22. gxf6 e5 23. Qxd6 Rbd8 24. Qd2 Nxf6 25. Qg5 Nd7 26. Rfd1 f6 27. Qg4 Nc5 28. Qe2 Ne6 29. Qc4 Na5 30. Qe2 Nf4 31. Qe3 Qc7 32. Rxd8 Rxd8 33. Bf1 Kg7 34. c3 bxc3 35. Bxc3 1/2-1/2

[Event "BL 2425 (Women)"]
[Site "Germany"]
[Date "2025.01.26"]
[Round "4.1"]
[White "Rogule, Laura"]
[Black "Antolak, Julia"]
[Result "1/2-1/2"]
[WhiteElo "2247"]
[BlackElo "2312"]
[PlyCount "71"]
[EventDate "2024.11.16"]
[EventType "team-tourn"]
[EventRounds "11"]
[EventCountry "GER"]
[SourceTitle "CB14_2025"]
[SourceDate "2024.11.01"]
[SourceVersion "1"]
[SourceVersionDate "2024.11.01"]
[SourceQuality "1"]
[WhiteTeam "Loeberitz (W)"]
[BlackTeam "Harksheide (W)"]
[WhiteTeamCountry "GER"]
[BlackTeamCountry "GER"]

1. d4 Nf6 2. c4 g6 3. g3 c5 4. d5 b5 5. cxb5 a6 6. bxa6 Bg7 7. Nc3 0-0 8. d6 Rxa6 9. dxe7 Qxe7 10. Bg2 d5 11. Bg5 Bb7 12. Bxf6 Bxf6 13. Nh3 d4 14. Nd5 Bxd5 15. Bxd5 Rd6 16. Bc4 Nc6 17. 0-0 Ne5 18. Qb3 d3 19. Bxd3 Qc7 20. Bb5 Rd2 21. Rab1 Rfd8 22. a4 c4 23. Qe3 Qb7 24. Nf4 Rxe2 25. Nxe2 Nf3+ 26. Kh1 Kg7 27. Rbd1 Ne1+ 28. f3 Rxd1 29. Ng1 Nxf3 30. Rxd1 Nh4+ 31. Nf3 Nxf3 32. Rd7 Qa8 33. Ra7 Qd5 34. Rd7 Qa8 35. Ra7 Qd5 36. Rd7 1/2-1/2

[Event "POL-chT Ekstraliga"]
[Site "Walbrzych"]
[Date "2024.10.11"]
[Round "5.12"]
[White "Antolak, Julia"]
[Black "Siekanska, Maria"]
[Result "1-0"]
[WhiteElo "2281"]
[BlackElo "2149"]
[PlyCount "65"]
[EventDate "2024.10.07"]
[EventType "team-tourn"]
[EventRounds "9"]
[EventCountry "POL"]
[SourceTitle "CB42_2024"]
[Source "ChessBase"]
[SourceDate "2024.10.16"]
[SourceVersion "1"]
[SourceVersionDate "2024.10.16"]
[SourceQuality "1"]
[WhiteTeam "Gliwice Akademia Szachowa"]
[BlackTeam "Gorzow Wielkopolski Stilon"]
[WhiteTeamCountry "POL"]
[BlackTeamCountry "POL"]

1. Nf3 d5 2. g3 c5 3. Bg2 Nc6 4. d4 e6 5. 0-0 Nf6 6. c4 dxc4 7. Qa4 Bd7 8. Qxc4 b5 9. Qc3 Qb6 10. Be3 c4 11. d5 Nxd5 12. Bxb6 Nxc3 13. Nxc3 axb6 14. Ne5 b4 15. Nxd7 Kxd7 16. Rfd1+ Kc8 17. Bxc6 bxc3 18. Bxa8 cxb2 19. Rab1 c3 20. Be4 f5 21. Bc2 Be7 22. Rd4 Bf6 23. Rc4+ Kb7 24. Rd1 b5 25. Rd7+ Kb6 26. Rd6+ Kb7 27. Rcc6 Be5 28. Rb6+ Ka7 29. Ra6+ Kb7 30. Rdb6+ Kc7 31. Rc6+ Kd7 32. Rxe6 Bf6 33. Bxf5 1-0

[Event "London Menchik Memorial (Women)"]
[Site "London"]
[Date "2024.08.30"]
[Round "2"]
[White "Antolak, Julia"]
[Black "Navrotescu, Andreea Cristiana"]
[Result "0-1"]
[WhiteElo "2307"]
[BlackElo "2271"]
[PlyCount "68"]
[EventDate "2024.08.30"]
[EventType "tourn"]
[EventRounds "9"]
[EventCountry "ENG"]
[SourceTitle "CBM 221 Extra"]
[Source "ChessBase"]
[SourceDate "2024.09.30"]
[SourceVersion "1"]
[SourceVersionDate "2024.09.30"]
[SourceQuality "1"]

1. e4 e5 2. Nf3 Nc6 3. Bb5 Nge7 4. Nc3 Ng6 5. d4 Nxd4 6. Nxd4 exd4 7. Qxd4 c6 8. Be2 Qb6 9. Qd3 Be7 10. 0-0 0-0 11. Be3 Qxb2 12. f4 Qa3 13. Rab1 Re8 14. e5 d5 15. Kh1 Qa5 16. Bh5 b6 17. e6 fxe6 18. Bxg6 hxg6 19. Qxg6 Rf8 20. Bd4 Rf7 21. f5 e5 22. Qxc6 exd4 23. Nxd5 Bf8 24. Qxa8 Bb7 25. Qd8 Qxd5 26. Qxd5 Bxd5 27. Rbd1 Bc5 28. c3 Bc4 29. cxd4 Bxf1 30. dxc5 Rxf5 31. cxb6 axb6 32. g4 Rf4 33. g5 Kh7 34. Rd6 Bh3 0-1

[Event "Speed Chess (Women) Play In 2"]
[Site "Chess.com INT"]
[Date "2024.08.14"]
[Round "4"]
[White "Antolak, Julia"]
[Black "Eynullaeva, Roza"]
[Result "1-0"]
[WhiteElo "2307"]
[BlackElo "2066"]
[PlyCount "87"]
[EventDate "2024.08.14"]
[EventType "swiss (blitz)"]
[EventRounds "11"]
[EventCountry "USA"]
[SourceTitle "CBM 221 Extra"]
[Source "ChessBase"]
[SourceDate "2024.09.30"]
[SourceVersion "1"]
[SourceVersionDate "2024.09.30"]
[SourceQuality "1"]

1. e4 e6 2. d4 d5 3. Nd2 Nf6 4. e5 Nfd7 5. Bd3 c5 6. c3 Nc6 7. Ne2 Be7 8. 0-0 0-0 9. Nf3 a6 10. Ng3 b5 11. dxc5 Ndxe5 12. Nxe5 Nxe5 13. Bxh7+ Kxh7 14. Qh5+ Kg8 15. Qxe5 Bxc5 16. Qh5 e5 17. Qxe5 Re8 18. Qh5 Be6 19. Bg5 Qb6 20. Rae1 d4 21. cxd4 Bxd4 22. b3 Rac8 23. Be3 Rc2 24. Ne4 Rf8 25. Ng5 Bf5 26. Bxd4 Qxd4 27. Re8 Bg6 28. Rxf8+ Kxf8 29. Qh8+ Ke7 30. Re1+ Kf6 31. Nh3 Bf5 32. Rf1 Rxa2 33. Qh5 Bxh3 34. Qxh3 Rd2 35. Qf3+ Kg6 36. Qc6+ Qd6 37. Qe4+ f5 38. Qe3 Kf6 39. h4 Kf7 40. g3 Qd4 41. Qg5 Qf6 42. Qxd2 Qe6 43. Re1 Qxb3 44. Qd7+ 1-0

[Event "Speed Chess (Women) Play In 2"]
[Site "Chess.com INT"]
[Date "2024.08.14"]
[Round "1"]
[White "Antolak, Julia"]
[Black "Zuriel, Marisa"]
[Result "1-0"]
[WhiteElo "2307"]
[BlackElo "2163"]
[PlyCount "79"]
[EventDate "2024.08.14"]
[EventType "swiss (blitz)"]
[EventRounds "11"]
[EventCountry "USA"]
[SourceTitle "CBM 221 Extra"]
[Source "ChessBase"]
[SourceDate "2024.09.30"]
[SourceVersion "1"]
[SourceVersionDate "2024.09.30"]
[SourceQuality "1"]

1. d4 Nf6 2. c4 c5 3. d5 b5 4. cxb5 a6 5. e3 axb5 6. Bxb5 Ba6 7. Bxa6 Qa5+ 8. Nc3 Qxa6 9. Qe2 g6 10. Nf3 Bg7 11. e4 d6 12. a4 Qxe2+ 13. Kxe2 0-0 14. Nd2 Na6 15. f3 Nb4 16. Nc4 Nc2 17. Rb1 Nd4+ 18. Kd3 Rfb8 19. Be3 Nd7 20. Rhd1 Rb4 21. f4 g5 22. g3 Kf8 23. a5 Rxc4 24. Kxc4 Rxa5 25. Bxd4 Bxd4 26. Ne2 Bf6 27. Kd3 Nb6 28. Nc3 Kg7 29. Ra1 Bxc3 30. bxc3 Rb5 31. Rdb1 c4+ 32. Kc2 Rxb1 33. Rxb1 Na4 34. Rb4 Nc5 35. Rxc4 gxf4 36. gxf4 f5 37. e5 Kg6 38. Rxc5 dxc5 39. Kd3 Kh5 40. d6 1-0

[Event "Kavala op-A 33rd"]
[Site "Kavala"]
[Date "2024.08.05"]
[Round "9"]
[White "Antolak, Julia"]
[Black "Tulchynskyi, Feliks"]
[Result "1/2-1/2"]
[WhiteElo "2333"]
[BlackElo "2267"]
[PlyCount "57"]
[EventDate "2024.07.29"]
[EventType "swiss"]
[EventRounds "9"]
[EventCountry "GRE"]
[SourceTitle "EXT 2025"]
[Source "ChessBase"]
[SourceDate "2024.10.14"]
[SourceVersion "1"]
[SourceVersionDate "2024.10.14"]
[SourceQuality "1"]

1. d4 Nf6 2. c4 e6 3. Nc3 Bb4 4. a3 Bxc3+ 5. bxc3 d5 6. e3 0-0 7. cxd5 exd5 8. Bd3 c5 9. Ne2 b6 10. 0-0 Ba6 11. f3 Re8 12. Ra2 Bxd3 13. Qxd3 Nc6 14. g4 Qc7 15. Ng3 Rad8 16. Raf2 Na5 17. e4 cxd4 18. cxd4 Qc4 19. Qxc4 Nxc4 20. Bg5 dxe4 21. fxe4 Rxd4 22. Bxf6 gxf6 23. Nh5 Red8 24. g5 Ne3 25. Nxf6+ Kh8 26. Re1 Rd1 27. Rfe2 Rxe1+ 28. Rxe1 Rd1 29. Rxd1 1/2-1/2

[Event "London Mindsports op 4th"]
[Site "London"]
[Date "2024.07.22"]
[Round "8"]
[White "Merriman, John"]
[Black "Antolak, Julia"]
[Result "1/2-1/2"]
[WhiteElo "2251"]
[BlackElo "2333"]
[PlyCount "200"]
[EventDate "2024.07.18"]
[EventType "swiss"]
[EventRounds "9"]
[EventCountry "ENG"]
[SourceTitle "CBM 221 Extra"]
[Source "ChessBase"]
[SourceDate "2024.09.30"]
[SourceVersion "1"]
[SourceVersionDate "2024.09.30"]
[SourceQuality "1"]

1. d4 Nf6 2. c4 g6 3. f3 Bg7 4. e4 0-0 5. Nc3 d6 6. Bg5 c5 7. d5 e6 8. Qd2 exd5 9. cxd5 a6 10. a4 Re8 11. Nge2 Nbd7 12. Nd1 Ne5 13. Nec3 h6 14. Be3 Bd7 15. Be2 Kh7 16. 0-0 b5 17. axb5 axb5 18. Rxa8 Qxa8 19. Nxb5 Bxb5 20. Bxb5 Rb8 21. Be2 Qa4 22. Qc1 Qb3 23. Bd2 Ned7 24. Bc4 Qb7 25. Qc2 Nh5 26. Bc3 Bxc3 27. bxc3 Ne5 28. Ne3 Nf6 29. Be2 Qa7 30. Kh1 c4 31. Nxc4 Nxc4 32. Bxc4 Qa3 33. Qc1 Qc5 34. Be2 Rb3 35. c4 Nd7 36. h3 Qb4 37. f4 Nc5 38. f5 Nxe4 39. fxg6+ fxg6 40. Rf7+ Kg8 41. Qf4 Qe1+ 42. Bf1 Ng3+ 43. Kh2 Nf5 44. Rf6 Kg7 45. Re6 Qg3+ 46. Qxg3 Nxg3 47. Be2 Nxe2 48. Rxe2 Rc3 49. Re6 Rxc4 50. Rxd6 Rc3 51. Kg1 Rc2 52. Kh2 Rc3 53. h4 Rd3 54. g4 h5 55. g5 Rd4 56. Kg3 Rg4+ 57. Kh3 Rd4 58. Rd7+ Kg8 59. Kg3 Rg4+ 60. Kh3 Rd4 61. Rd6 Kg7 62. Rd7+ Kg8 63. Rd8+ Kg7 64. d6 Rd3+ 65. Kg2 Rd4 66. Kg3 Rg4+ 67. Kh3 Rd4 68. Rd7+ Kg8 69. Kg3 Rg4+ 70. Kf3 Rxh4 71. Re7 Kf8 72. Re6 Kf7 73. Rf6+ Kg7 74. Ke3 Rh1 75. Ke4 h4 76. Kd5 h3 77. Rf2 h2 78. Rd2 Kf7 79. d7 Ke7 80. Ke4 Kd8 81. Kd4 Kxd7 82. Ke4+ Kc6 83. Rc2+ Kb5 84. Re2 Kb4 85. Ke3 Kc3 86. Ke4 Kc4 87. Rc2+ Kb5 88. Re2 Kc5 89. Rc2+ Kd6 90. Re2 Ke6 91. Kf4+ Kd5 92. Rd2+ Kc4 93. Kg3 Rg1+ 94. Kxh2 Rxg5 95. Rd8 Rd5 96. Rg8 g5 97. Kh3 Kd4 98. Kg4 Ke4 99. Rxg5 Rxg5+ 100. Kxg5 Ke5 1/2-1/2

[Event "London Mindsports op 4th"]
[Site "London"]
[Date "2024.07.19"]
[Round "3"]
[White "Antolak, Julia"]
[Black "Eames, Robert"]
[Result "0-1"]
[WhiteElo "2333"]
[BlackElo "2148"]
[PlyCount "126"]
[EventDate "2024.07.18"]
[EventType "swiss"]
[EventRounds "9"]
[EventCountry "ENG"]
[SourceTitle "EXT 2025"]
[Source "ChessBase"]
[SourceDate "2024.10.14"]
[SourceVersion "1"]
[SourceVersionDate "2024.10.14"]
[SourceQuality "1"]

1. d4 Nf6 2. c4 c5 3. d5 b5 4. cxb5 a6 5. e3 g6 6. Nc3 Bg7 7. e4 d6 8. a4 0-0 9. Nf3 e6 10. dxe6 fxe6 11. bxa6 d5 12. exd5 exd5 13. Be2 d4 14. Nb5 Nxa6 15. 0-0 Bf5 16. Bc4+ Kh8 17. Ng5 Qd7 18. Qb3 Nb4 19. Be6 Bxe6 20. Nxe6 Rfc8 21. Nexd4 Nfd5 22. Nf3 c4 23. Qd1 Nd3 24. Nbd4 N5b4 25. Nc2 Rxa4 26. Ra3 Nd5 27. Ne3 Rxa3 28. bxa3 Nc3 29. Qc2 Qa4 30. Qxa4 Nxa4 31. Ng5 Nc3 32. Nf7+ Kg8 33. Nd6 Ne2+ 34. Kh1 Rc6 35. Bd2 c3 36. Bxc3 Rxc3 37. a4 Ra3 38. g3 Rxa4 39. Kg2 Nec1 40. h4 Ra2 41. Ndc4 Bc3 42. Kf3 Be1 43. Ng4 Bc3 44. Nge3 Nb3 45. Ng4 h5 46. Ke3 Nbc5 47. Nh2 Ra4 48. Nd2 Bd4+ 49. Ke2 Bxf2 50. Rxf2 Nxf2 51. Kxf2 Kf7 52. Nhf3 Kf6 53. Ng5 Kf5 54. Nf1 Ne4+ 55. Nxe4 Kxe4 56. Nd2+ Kf5 57. Nf3 Ra2+ 58. Ke3 Kg4 59. Ne5+ Kxg3 60. Nxg6 Ra6 61. Ne5 Rf6 62. Ke4 Rf4+ 63. Ke3 Rxh4 0-1

[Event "London Mindsports op 4th"]
[Site "London"]
[Date "2024.07.18"]
[Round "1"]
[White "Antolak, Julia"]
[Black "Banerjee, Supratit"]
[Result "1-0"]
[WhiteElo "2333"]
[BlackElo "2161"]
[PlyCount "115"]
[EventDate "2024.07.18"]
[EventType "swiss"]
[EventRounds "9"]
[EventCountry "ENG"]
[SourceTitle "CBM 221 Extra"]
[Source "ChessBase"]
[SourceDate "2024.09.30"]
[SourceVersion "1"]
[SourceVersionDate "2024.09.30"]
[SourceQuality "1"]

1. e4 c6 2. Nc3 d5 3. Qf3 dxe4 4. Nxe4 Nd7 5. d4 Ngf6 6. Bd3 Nxe4 7. Qxe4 Nf6 8. Qh4 Qd5 9. Nf3 Bg4 10. c4 Qd6 11. Be3 Bxf3 12. gxf3 h6 13. 0-0-0 0-0-0 14. Kb1 Rg8 15. d5 c5 16. Bf5+ Nd7 17. Qe4 g6 18. Be6 Bg7 19. Rd2 f5 20. Qd3 f4 21. Bxc5 Qxc5 22. Bxg8 Rxg8 23. Qxg6 Qa5 24. Rc2 Qd8 25. Rg1 Kb8 26. c5 Ne5 27. Qe4 Bf6 28. Rxg8 Qxg8 29. c6 bxc6 30. dxc6 Qg1+ 31. Rc1 Qg6 32. Qxg6 Nxg6 33. Rc4 Kc7 34. b4 Be5 35. b5 Bd6 36. a4 Nh4 37. a5 Nxf3 38. b6+ axb6 39. a6 Nd2+ 40. Kc2 Nxc4 41. a7 Kxc6 42. a8Q+ Kc5 43. Qh8 b5 44. Qxh6 b4 45. Qg5+ e5 46. h4 b3+ 47. Kxb3 Nd2+ 48. Kc2 Ne4 49. Qg2 Nf6 50. Qg6 Nd5 51. h5 Nb4+ 52. Kd2 Nc6 53. h6 Ne7 54. Qe6 Nc6 55. h7 Nd4 56. Qc8+ Nc6 57. h8Q e4 58. Qhe8 1-0

[Event "London Mindsports op 4th"]
[Site "London"]
[Date "2024.07.18"]
[Round "2"]
[White "Urkedal, Frode Olav Olsen"]
[Black "Antolak, Julia"]
[Result "1-0"]
[WhiteElo "2551"]
[BlackElo "2333"]
[PlyCount "85"]
[EventDate "2024.07.18"]
[EventType "swiss"]
[EventRounds "9"]
[EventCountry "ENG"]
[SourceTitle "CBM 221 Extra"]
[Source "ChessBase"]
[SourceDate "2024.09.30"]
[SourceVersion "1"]
[SourceVersionDate "2024.09.30"]
[SourceQuality "1"]

1. d4 Nf6 2. c4 e6 3. Nf3 Bb4+ 4. Bd2 Qe7 5. g3 Bxd2+ 6. Qxd2 Nc6 7. Nc3 d5 8. Ne5 Nxe5 9. dxe5 Nd7 10. cxd5 exd5 11. Nxd5 Qxe5 12. f4 Qd6 13. Qe3+ Kd8 14. 0-0-0 Re8 15. Qc3 Qc6 16. Qxc6 bxc6 17. Nb4 Re6 18. Bh3 Rh6 19. Bg2 Bb7 20. Rd2 Ke7 21. Rc2 Nb8 22. h4 Rd6 23. Rd1 a5 24. Rxd6 cxd6 25. Nxc6+ Nxc6 26. Bxc6 Bxc6 27. Rxc6 Kd7 28. Rb6 Kc7 29. Rb5 Kc6 30. a4 g6 31. Kd2 f5 32. Kd3 Ra7 33. e3 Ra8 34. h5 Ra7 35. b3 Ra8 36. h6 Kc7 37. e4 fxe4+ 38. Kxe4 Kc6 39. Kd4 Kc7 40. Kd5 Ra7 41. g4 Ra8 42. f5 gxf5 43. gxf5 1-0

[Event "Titled Tuesday intern op 16th Jul Early"]
[Site "Chess.com INT"]
[Date "2024.07.16"]
[Round "4"]
[White "Fabris, Alberto"]
[Black "Antolak, Julia"]
[Result "1-0"]
[WhiteElo "2230"]
[BlackElo "2333"]
[PlyCount "69"]
[EventDate "2024.07.16"]
[EventType "swiss (blitz)"]
[EventRounds "11"]
[EventCountry "USA"]
[SourceTitle "EXT 2025"]
[Source "ChessBase"]
[SourceDate "2024.10.14"]
[SourceVersion "1"]
[SourceVersionDate "2024.10.14"]
[SourceQuality "1"]

1. e4 c5 2. Nf3 e6 3. c3 d5 4. e5 d4 5. Bd3 Nc6 6. 0-0 Nge7 7. Qe2 Ng6 8. g3 Be7 9. a3 0-0 10. b4 cxb4 11. axb4 dxc3 12. dxc3 Qc7 13. Re1 Rd8 14. Bc2 b6 15. h4 Bb7 16. h5 Nf8 17. Bf4 Nxb4 18. Be4 Nd5 19. c4 Nxf4 20. gxf4 a5 21. Nc3 Bxe4 22. Nxe4 Rac8 23. Rec1 b5 24. cxb5 Qxc1+ 25. Rxc1 Rxc1+ 26. Kg2 a4 27. Qa2 a3 28. Nd6 Rc3 29. Nd2 f5 30. Nb1 Rd3 31. Nxa3 Bxd6 32. exd6 R8xd6 33. Nc4 R6d4 34. Ne5 Rd2 35. Qa7 1-0

[Event "FISU World University-ch Blitz"]
[Site "Entebbe"]
[Date "2024.06.26"]
[Round "9"]
[White "Antolak, Julia"]
[Black "Djidjeli, Sarah"]
[Result "1-0"]
[WhiteElo "2217"]
[BlackElo "1989"]
[PlyCount "143"]
[EventDate "2024.06.26"]
[EventType "swiss (blitz)"]
[EventRounds "9"]
[EventCountry "UGA"]
[SourceTitle "CBM 221 Extra"]
[Source "ChessBase"]
[SourceDate "2024.09.30"]
[SourceVersion "1"]
[SourceVersionDate "2024.09.30"]
[SourceQuality "1"]

1. d4 d5 2. c4 e6 3. Nc3 Nf6 4. cxd5 exd5 5. Bg5 c6 6. e3 h6 7. Bh4 Be7 8. Bd3 0-0 9. Nge2 Ne8 10. Bxe7 Qxe7 11. Qc2 Nd6 12. h3 Nd7 13. Ng3 Nf6 14. a3 Bd7 15. 0-0 Rfe8 16. Rfe1 Nfe4 17. Bxe4 dxe4 18. Rad1 Rac8 19. d5 cxd5 20. Rxd5 Bc6 21. Rd2 Nc4 22. Rd4 b5 23. Ngxe4 Qb7 24. f3 Qb6 25. Qf2 f5 26. Nd6 Nxd6 27. Rxd6 a5 28. Qd2 f4 29. Nd5 fxe3 30. Nxb6 exd2 31. Rxe8+ Rxe8 32. Rxd2 Kf7 33. Nd7 b4 34. axb4 axb4 35. Nc5 Bb5 36. Ne4 Ke6 37. Kf2 Ra8 38. Rd4 b3 39. Rb4 Bc6 40. Rxb3 Rf8 41. Re3 Kd5 42. b3 Kd4 43. Re2 Bb5 44. Rd2+ Ke5 45. Ke3 Rb8 46. Rb2 Bc6 47. b4 Rb5 48. Nc3 Rb8 49. b5 Bd7 50. b6 Kd6 51. Ne4+ Kc6 52. Rc2+ Kxb6 53. Rb2+ Kc7 54. Rxb8 Kxb8 55. Kd4 Kc7 56. Ke5 Bc8 57. Nc5 Kc6 58. Ne6 g6 59. Nf8 g5 60. Kf6 Kd5 61. Kg6 Ke5 62. Kxh6 Kf5 63. Nh7 Kf4 64. g4 Kxf3 65. Kxg5 Ke4 66. h4 Ke5 67. h5 Ke6 68. Kg6 Ke7 69. g5 Ba6 70. Kg7 Ke8 71. Nf6+ Ke7 72. h6 1-0

[Event "FISU World University-ch Blitz"]
[Site "Entebbe"]
[Date "2024.06.26"]
[Round "3"]
[White "Antolak, Julia"]
[Black "Koubova, Anna Marie"]
[Result "1-0"]
[WhiteElo "2217"]
[BlackElo "1993"]
[PlyCount "47"]
[EventDate "2024.06.26"]
[EventType "swiss (blitz)"]
[EventRounds "9"]
[EventCountry "UGA"]
[SourceTitle "CBM 221 Extra"]
[Source "ChessBase"]
[SourceDate "2024.09.30"]
[SourceVersion "1"]
[SourceVersionDate "2024.09.30"]
[SourceQuality "1"]

1. d4 Nf6 2. c4 e6 3. Nc3 Bb4 4. f3 0-0 5. e4 d5 6. cxd5 exd5 7. e5 Ne8 8. a3 Be7 9. f4 b6 10. Nf3 Bb7 11. Bd3 c5 12. 0-0 cxd4 13. Ne2 Nc6 14. b4 f6 15. Nexd4 Nc7 16. Bb2 fxe5 17. Nxc6 Bxc6 18. Nxe5 Be8 19. Qg4 Bf6 20. Rad1 Bb5 21. Bxb5 Nxb5 22. Qe6+ Kh8 23. Rxd5 Nc7 24. Nf7+ 1-0

[Event "FISU World University-ch Blitz"]
[Site "Entebbe"]
[Date "2024.06.26"]
[Round "8"]
[White "Jarocka, Liwia"]
[Black "Antolak, Julia"]
[Result "0-1"]
[WhiteElo "2010"]
[BlackElo "2217"]
[PlyCount "78"]
[EventDate "2024.06.26"]
[EventType "swiss (blitz)"]
[EventRounds "9"]
[EventCountry "UGA"]
[SourceTitle "CBM 221 Extra"]
[Source "ChessBase"]
[SourceDate "2024.09.30"]
[SourceVersion "1"]
[SourceVersionDate "2024.09.30"]
[SourceQuality "1"]

1. c4 c5 2. Nc3 Nc6 3. Nf3 g6 4. e3 Nf6 5. d4 cxd4 6. exd4 d5 7. cxd5 Nxd5 8. Bb5 Nxc3 9. bxc3 Bd7 10. 0-0 Bg7 11. Re1 0-0 12. Bg5 Re8 13. Bc4 Na5 14. Bd3 Bg4 15. h3 Bxf3 16. Qxf3 Qc7 17. Rac1 a6 18. Be4 Rac8 19. Bf4 Qd7 20. Red1 b5 21. h4 h5 22. Bg5 Nc4 23. Bf4 Nd6 24. Bb1 Rc7 25. Qd5 Qc6 26. Qb3 Kh7 27. Re1 Rec8 28. Qd1 Qb6 29. Qxh5+ Kg8 30. Qf3 Qc6 31. Qg3 Rd7 32. h5 gxh5 33. Bf5 Nxf5 34. Qh3 Qg6 35. Be5 Bxe5 36. Rxe5 e6 37. Rce1 Rdc7 38. d5 Rxc3 39. dxe6 Rxh3 0-1